000 00272nam a22000977a 4500
008 230627b xxu||||| |||| 00| 0 eng d
082 _a338.9
_bMOI
245 _aParticipation for Progress: The Sixth National Development Plan
_b1989-1993
300 _aVII,52p
942 _2ddc
_cBK
999 _c2924
_d2924